| 000 | 00000nas 2200000za 4500 |
| 001 | 9.828859 |
| 003 | CaOODSP |
| 005 | 20221107145139 |
| 007 | cr ||||||||||| |
| 008 | 161208d19071910onc|| m ss|||f000 ||eng|d |
| 040 | |aCaOODSP|beng |
| 041 | |aeng|afre |
| 043 | |an-cn--- |
| 086 | 1 |aCS98-1901P-PDF |
| 130 | 1 |aBulletin (Canada. Census and Statistics Office) |
| 245 | 10|aBulletin |h[electronic resource] / |cCensus and Statistics. |
| 246 | 3 |aCensus and Statistics bulletin |
| 260 | |aOttawa : |bPrinted by S.E. Dawson, printer to the King's Most Excellent Majesty,|c1907-1910. |
| 300 | |av. : |bill. |
| 500 | |aEach issue has a distinctive title. |
| 500 | |aSome numbers also published separately under different catalogue numbers. |
| 520 | |aCensus and statistics bulletins, relating to agriculture, based on the Fourth census of Canada, 1901. |
| 546 | |aText in English and French. French text follows English. Some numbers published in English only. |
| 692 | 07|2gccst|aCensus |
| 710 | 1 |aCanada.|bCensus and Statistics Office. |
| 792 | |tBulletin |efre|w(CaOODSP)9.830619 |